Umelec a pedagóg Pri nedožitej sedemdesiatke Petra Matejku

Bibliographic Details
Main Author: Zupková, Viera (Author)
Format: Article
Language:Slovak
Subjects:

MARC

LEADER 00000nab a2200000 a 4500
001 vtls000149733
003 SK-MaSNL
005 20260303072949.0
008 160215c1983 xo 0 slo
015 |a SNBRB19rr/mm-uuuuu 
035 |a CL0159840 
040 |a SNKBUCL  |b slo  |c SNKBUCL  |e AACR2 
041 0 |a slo 
044 |a xo  |c SK 
080 |a 75.071.1  |2 1981 
080 |a 929 Matejka, Peter  |2 1981 
100 1 |a Zupková, Viera  |4 aut  |9 375646 
245 1 0 |a Umelec a pedagóg  |b Pri nedožitej sedemdesiatke Petra Matejku  |c Viera Zupková 
600 1 7 |a Matejka, Peter,  |d 1913-1972  |2 snkbucl  |9 132043 
655 7 |a články z novín a časopisov  |2 snkbucl  |9 267496 
773 0 |t Pravda  |g Roč. 64, č. 82 (8. 4. 1983), s. 5 
850 |a Slovenská národná knižnica v Martine  |a MTA001 
852 |a SNK  |b KIS3GCP 
958 |a BX 
958 |a RK 
992 |a RBX 
999 |c 1765549  |d 1767479